[Event "Riga RTU rapid op"]
[Site "Riga"]
[Date "2019.07.04"]
[Round "5"]
[White "Efremov, Vladislav"]
[Black "Petrovskis, Olegs"]
[Result "1/2-1/2"]
[WhiteElo "1956"]
[BlackElo "2147"]
[PlyCount "58"]
[EventDate "2019.07.04"]
[EventType "swiss (rapid)"]
[EventRounds "9"]
[EventCountry "LAT"]
[SourceTitle "EXT 2020"]
[Source "ChessBase"]
[SourceDate "2019.10.17"]
[SourceVersion "1"]
[SourceVersionDate "2019.10.17"]
[SourceQuality "1"]

1. d4 d5 2. c4 c6 3. Nf3 Nf6 4. Qb3 e6 5. Bg5 Nbd7 6. Nbd2 Be7 7. e3 h6 8. Bh4 b6 9. cxd5 exd5 10. Bd3 Bb7 11. 0-0 0-0 12. Rac1 c5 13. Qd1 Re8 14. dxc5 Nxc5 15. Nb3 Nxd3 16. Qxd3 Ne4 17. Bxe7 Qxe7 18. Nbd4 Rac8 19. Qb1 Rc5 20. Nb3 Rc4 21. Nbd4 Rec8 22. Rc2 Rxc2 23. Nxc2 Ba6 24. Rc1 Bd3 25. Nfe1 Nd2 26. Qa1 Be4 27. Nd4 Rc5 28. b3 Bg6 29. Qb2 Ne4 1/2-1/2

[Event "Wch U18"]
[Site "Khanty-Mansiysk"]
[Date "2016.10.02"]
[Round "10"]
[White "Petrovskis, Olegs"]
[Black "Sadubayev, Airat"]
[Result "1-0"]
[WhiteElo "2159"]
[BlackElo "2231"]
[PlyCount "67"]
[EventDate "2016.09.22"]
[EventType "swiss"]
[EventRounds "11"]
[EventCountry "RUS"]
[SourceTitle "EXT 2017"]
[Source "ChessBase"]
[SourceDate "2016.10.25"]
[SourceVersion "1"]
[SourceVersionDate "2016.10.25"]
[SourceQuality "1"]

1. c4 Nf6 2. Nc3 e5 3. g3 d5 4. cxd5 Nxd5 5. Bg2 Nb6 6. Nf3 Nc6 7. 0-0 Be7 8. d3 0-0 9. Bd2 Re8 10. Rc1 Bf8 11. Na4 Be6 12. a3 h6 13. Nc5 Bxc5 14. Rxc5 Bd5 15. e4 Be6 16. Be3 Nd7 17. Rc3 Bg4 18. Qc2 Nf8 19. Rc1 Ne6 20. Rxc6 bxc6 21. Nxe5 Nd4 22. Bxd4 Qxd4 23. Nxg4 Red8 24. Ne3 Rab8 25. b4 Qxd3 26. Qxc6 Qxa3 27. Nd5 a5 28. bxa5 Qxa5 29. Qxc7 Qa3 30. Qf4 Qb2 31. Rc7 Qa1+ 32. Bf1 Rf8 33. Rxf7 Rxf7 34. Qxb8+ 1-0

[Event "Wch U18"]
[Site "Khanty-Mansiysk"]
[Date "2016.09.23"]
[Round "2"]
[White "Vaishali, Ramesh Babu"]
[Black "Petrovskis, Olegs"]
[Result "1/2-1/2"]
[WhiteElo "2295"]
[BlackElo "2159"]
[PlyCount "97"]
[EventDate "2016.09.22"]
[EventType "swiss"]
[EventRounds "11"]
[EventCountry "RUS"]
[SourceTitle "EXT 2017"]
[Source "ChessBase"]
[SourceDate "2016.10.25"]
[SourceVersion "1"]
[SourceVersionDate "2016.10.25"]
[SourceQuality "1"]

1. e4 c5 2. Nf3 d6 3. d4 cxd4 4. Nxd4 Nf6 5. Nc3 a6 6. h3 e5 7. Nde2 h5 8. Bg5 Be6 9. Bxf6 Qxf6 10. Nd5 Qd8 11. Nec3 Nd7 12. Bc4 Rc8 13. Bb3 Nc5 14. Qf3 Nxb3 15. axb3 Bxd5 16. Nxd5 Rxc2 17. 0-0 Be7 18. Rac1 Rc6 19. Rc4 Bg5 20. Rd1 g6 21. Qc3 Rxc4 22. bxc4 0-0 23. Qb4 Qb8 24. Rd3 Rd8 25. Rb3 Qc8 26. Rg3 Bh4 27. Rc3 Kg7 28. c5 Qe6 29. Qxb7 dxc5 30. Rxc5 Rd7 31. Qc8 Rd6 32. Qb7 Rd7 33. Rc7 Rxc7 34. Qxc7 Bg5 35. b4 h4 36. Qc5 Bd8 37. Kf1 Qd7 38. Kg1 Qa4 39. Kh2 Bg5 40. Qc3 Qe8 41. Qa1 Qe6 42. Kg1 Bd8 43. Kh2 Qd6 44. Kh1 Kg8 45. Qa4 Kg7 46. Qe8 Bg5 47. Kg1 Bd8 48. Qa4 Qb8 49. Kf1 1/2-1/2

[Event "Viljandi Raud Memorial 50th"]
[Site "Viljandi"]
[Date "2016.06.27"]
[Round "1"]
[White "Petrovskis, Olegs"]
[Black "Kveinys, Aloyzas"]
[Result "1-0"]
[WhiteElo "2111"]
[BlackElo "2541"]
[PlyCount "73"]
[EventDate "2016.06.27"]
[EventType "swiss"]
[EventRounds "9"]
[EventCountry "EST"]
[SourceTitle "CBM 173 Extra"]
[Source "ChessBase"]
[SourceDate "2016.08.29"]
[SourceVersion "1"]
[SourceVersionDate "2016.08.29"]
[SourceQuality "1"]

1. d4 Nf6 2. Nf3 b5 3. g3 Bb7 4. Bg2 e6 5. 0-0 c5 6. c3 Na6 7. Bg5 Be7 8. Nbd2 0-0 9. Ne5 Bxg2 10. Kxg2 Qc7 11. Bxf6 Bxf6 12. Ndf3 Qb7 13. Kg1 d6 14. Nd3 Rfc8 15. Rc1 cxd4 16. cxd4 Qe4 17. Rxc8+ Rxc8 18. e3 e5 19. dxe5 dxe5 20. Qe2 g6 21. b3 Rc3 22. Rd1 Kg7 23. h4 Nc7 24. Nde1 b4 25. Nd2 Qc6 26. Nc4 Nb5 27. Nc2 a5 28. Rd2 Qe4 29. Nxa5 Rc5 30. Nc4 Nc3 31. Qd3 Qf3 32. Nxb4 Ne4 33. Rc2 Nxg3 34. fxg3 Qxg3+ 35. Kf1 e4 36. Qxe4 Rf5+ 37. Qxf5 1-0

[Event "EU-ch U18 25th"]
[Site "Porec"]
[Date "2015.09.30"]
[Round "9"]
[White "Chovan, Milan"]
[Black "Petrovskis, Olegs"]
[Result "1-0"]
[WhiteElo "2256"]
[BlackElo "2127"]
[PlyCount "97"]
[EventDate "2015.09.21"]
[EventType "swiss"]
[EventRounds "9"]
[EventCountry "CRO"]
[SourceTitle "EXT 2016"]
[Source "ChessBase"]
[SourceDate "2015.10.08"]
[SourceVersion "1"]
[SourceVersionDate "2015.10.08"]
[SourceQuality "1"]

1. e4 c5 2. Nf3 d6 3. d4 cxd4 4. Nxd4 Nf6 5. Nc3 a6 6. Be3 e5 7. Nf3 Be7 8. Bc4 Nbd7 9. a4 b6 10. Bd5 Nxd5 11. Nxd5 Bb7 12. c4 0-0 13. 0-0 Re8 14. Re1 Nc5 15. Bxc5 bxc5 16. Re3 Bc6 17. Rd3 Rc8 18. Qd2 Bf8 19. b3 Rb8 20. Qe3 g6 21. h3 f5 22. Nd2 f4 23. Qf3 Bg7 24. Rd1 Qc8 25. Nf1 Bd7 26. a5 Re6 27. Nb6 Qc7 28. Nd2 Bf8 29. Nb1 Rxb6 30. axb6 Qxb6 31. Qe2 g5 32. Qa2 h5 33. Nc3 Rg6 34. Kh2 Bc8 35. Qa4 Qd8 36. Qc6 g4 37. Qd5+ Be6 38. Qxe5 Qh4 39. Qxf4 Bg7 40. Qxd6 Qxf2 41. R3d2 Qe3 42. Nd5 Qg5 43. Ne7+ Kh7 44. Nxg6 Qxg6 45. h4 Qxe4 46. Qd3 Bf5 47. Qxe4 Bxe4 48. Re2 Bf5 49. Re7 1-0

[Event "EU-ch U18 25th"]
[Site "Porec"]
[Date "2015.09.21"]
[Round "1"]
[White "Petrovskis, Olegs"]
[Black "Blahynka, Martin"]
[Result "0-1"]
[WhiteElo "2127"]
[BlackElo "2400"]
[PlyCount "46"]
[EventDate "2015.09.21"]
[EventType "swiss"]
[EventRounds "9"]
[EventCountry "CRO"]
[SourceTitle "EXT 2016"]
[Source "ChessBase"]
[SourceDate "2015.10.08"]
[SourceVersion "1"]
[SourceVersionDate "2015.10.08"]
[SourceQuality "1"]

1. d4 Nf6 2. Nf3 e6 3. c4 c5 4. d5 b5 5. dxe6 fxe6 6. cxb5 a6 7. bxa6 Bxa6 8. g3 Nc6 9. Bh3 Be7 10. 0-0 0-0 11. Re1 Qe8 12. e4 Qh5 13. Bg2 Nb4 14. h3 Nd3 15. Re3 c4 16. Nc3 Bc5 17. Re2 Rab8 18. Qa4 Rb6 19. e5 Bb7 20. exf6 Bxf3 21. Qxd7 Rxf6 22. Be3 Bxe2 23. Bxc5 Qxc5 0-1

[Event "EU-ch rapid"]
[Site "Wroclaw"]
[Date "2014.12.20"]
[Round "2"]
[White "Kosyrev, Vladimir"]
[Black "Petrovskis, Olegs"]
[Result "1-0"]
[WhiteElo "2520"]
[BlackElo "2058"]
[PlyCount "41"]
[EventDate "2014.12.20"]
[EventType "swiss (rapid)"]
[EventRounds "11"]
[EventCountry "POL"]
[SourceTitle "CBM 164 Extra"]
[Source "ChessBase"]
[SourceDate "2015.03.02"]
[SourceVersion "1"]
[SourceVersionDate "2015.03.02"]
[SourceQuality "1"]

1. d4 d5 2. c4 c6 3. e3 Nf6 4. Nf3 g6 5. Nc3 Bg7 6. Be2 0-0 7. 0-0 Nbd7 8. cxd5 cxd5 9. Qb3 e6 10. Bd2 Ne4 11. Rfc1 Nxd2 12. Nxd2 Nb6 13. a4 e5 14. dxe5 Bxe5 15. a5 d4 16. exd4 Be6 17. Qd1 Bxd4 18. axb6 Qxb6 19. Kh1 Qxb2 20. Rab1 Qa3 21. Nb5 1-0

[Event "Pardubice Czech op-B 24th"]
[Site "Pardubice"]
[Date "2013.07.19"]
[Round "1"]
[White "Colijn, Stefan"]
[Black "Petrovskis, Olegs"]
[Result "1-0"]
[WhiteElo "2293"]
[BlackElo "2009"]
[PlyCount "53"]
[EventDate "2013.07.19"]
[EventType "swiss"]
[EventRounds "9"]
[EventCountry "CZE"]
[SourceTitle "CBM 155 Extra"]
[Source "ChessBase"]
[SourceDate "2013.08.26"]
[SourceVersion "1"]
[SourceVersionDate "2013.08.26"]
[SourceQuality "1"]

1. d4 d5 2. Nf3 Nf6 3. Bf4 c6 4. e3 Bf5 5. c4 Bxb1 6. Qxb1 e6 7. a3 Nbd7 8. Bd3 Nh5 9. Bg3 Nxg3 10. hxg3 h6 11. b4 Bd6 12. e4 dxc4 13. Bxc4 a5 14. b5 c5 15. e5 Bc7 16. Qe4 cxd4 17. Rd1 Qb8 18. Bxe6 Nxe5 19. Ba2 0-0 20. Ng5 Re8 21. Qh7+ Kf8 22. Qh8+ Ke7 23. Qxg7 hxg5 24. Qxg5+ Kd6 25. Rxd4+ Kc5 26. Rd5+ Kb6 27. Qe3# 1-0

[Event "Wch U14"]
[Site "Maribor"]
[Date "2012.11.12"]
[Round "6.24"]
[White "Petrovskis, Olegs"]
[Black "Blahynka, Martin"]
[Result "1-0"]
[WhiteElo "1946"]
[BlackElo "2153"]
[PlyCount "67"]
[EventDate "2012.11.08"]
[EventType "swiss"]
[EventRounds "11"]
[EventCountry "SLO"]
[SourceTitle "EXT 2013"]
[Source "ChessBase"]
[SourceDate "2012.11.22"]
[SourceVersion "1"]
[SourceVersionDate "2012.11.22"]
[SourceQuality "1"]

1. d4 Nf6 2. c4 e6 3. Nf3 b6 4. g3 Ba6 5. Qc2 Bb7 6. Bg2 Bb4+ 7. Nbd2 Be4 8. Qb3 Bxd2+ 9. Bxd2 0-0 10. 0-0 d6 11. Qc3 a5 12. Bg5 Nbd7 13. Rad1 Qc8 14. Nd2 Bxg2 15. Kxg2 Qb7+ 16. f3 d5 17. Rc1 c6 18. Rfe1 h6 19. Bxf6 Nxf6 20. e4 Rac8 21. Qe3 dxe4 22. fxe4 Rcd8 23. Kg1 e5 24. d5 Rfe8 25. Rf1 Rd6 26. Rf5 g6 27. Rf3 Kg7 28. Rcf1 Rf8 29. c5 Ng4 30. Qb3 Rf6 31. h3 Qe7 32. d6 Qd7 33. hxg4 Rxf3 34. Qxf3 1-0

[Event "Wch U14"]
[Site "Maribor"]
[Date "2012.11.10"]
[Round "3.23"]
[White "Stremavicius, Titas"]
[Black "Petrovskis, Olegs"]
[Result "0-1"]
[WhiteElo "2204"]
[BlackElo "1946"]
[PlyCount "118"]
[EventDate "2012.11.08"]
[EventType "swiss"]
[EventRounds "11"]
[EventCountry "SLO"]
[SourceTitle "EXT 2013"]
[Source "ChessBase"]
[SourceDate "2012.11.22"]
[SourceVersion "1"]
[SourceVersionDate "2012.11.22"]
[SourceQuality "1"]

1. d4 d5 2. c4 c6 3. e3 Nf6 4. Bd3 e6 5. b3 Nbd7 6. Bb2 Bd6 7. Nd2 e5 8. cxd5 Nxd5 9. Ngf3 exd4 10. Nxd4 0-0 11. Nc4 Bb4+ 12. Kf1 N7f6 13. Qc2 Re8 14. h3 Bd7 15. a3 Bf8 16. Kg1 Qc7 17. Nf3 h6 18. Be5 Qd8 19. Kh2 b5 20. Ncd2 Rxe5 21. Nxe5 Bd6 22. Qb2 Qc7 23. f4 Nxe3 24. Rhe1 Ned5 25. g3 g5 26. Qd4 Re8 27. Ndf3 c5 28. Qg1 g4 29. Nxg4 Nxg4+ 30. hxg4 Rxe1 31. Rxe1 Bxg4 32. Ne5 Nf6 33. Bxb5 Be6 34. Qf1 Qa5 35. Bc4 Bxe5 36. Bxe6 Bc3 37. Bxf7+ Kxf7 38. Qc4+ Kf8 39. Rc1 Bd4 40. Kh3 Qd2 41. Rc2 Qd1 42. Qe2 Qh1+ 43. Qh2 Qf3 44. Qe2 Qh1+ 45. Qh2 Qd5 46. Qe2 Ne4 47. Qf1 Qxb3 48. Rg2 Qd5 49. g4 h5 50. Qa6 hxg4+ 51. Kxg4 Nf6+ 52. Kg3 Ne4+ 53. Kg4 Nf2+ 54. Kh4 Qxg2 55. Qd6+ Kg8 56. Qe6+ Kh7 57. Qd7+ Bg7 58. Qf5+ Qg6 59. Qd7 Ne4 0-1

[Event "Baltija Cup"]
[Site "Palanga"]
[Date "2012.06.20"]
[Round "3"]
[White "Petrovskis, Olegs"]
[Black "Michailov, Andrej"]
[Result "1-0"]
[WhiteElo "1901"]
[BlackElo "1680"]
[PlyCount "35"]
[EventDate "2012.06.19"]
[EventType "swiss"]
[EventRounds "8"]
[EventCountry "LTU"]
[SourceTitle "CBM 149 Extra"]
[Source "ChessBase"]
[SourceDate "2012.08.24"]
[SourceVersion "1"]
[SourceVersionDate "2012.08.24"]
[SourceQuality "1"]

1. d4 d5 2. c4 e6 3. Nc3 Nf6 4. Bg5 Be7 5. e3 0-0 6. Nf3 a6 7. cxd5 exd5 8. Qc2 Nbd7 9. Bd3 h6 10. Bh4 c5 11. dxc5 Nxc5 12. 0-0 b5 13. Nd4 Nxd3 14. Qxd3 g5 15. Bg3 Nh5 16. Nc6 Qd7 17. Qxd5 Qxd5 18. Nxe7+ 1-0

[Event "EU-ch U14"]
[Site "Albena"]
[Date "2011.09.11"]
[Round "1"]
[White "Petrosyan, Manuel"]
[Black "Petrovskis, Olegs"]
[Result "1-0"]
[WhiteElo "2207"]
[BlackElo "1897"]
[PlyCount "119"]
[EventDate "2011.09.11"]
[EventType "swiss"]
[EventRounds "9"]
[EventCountry "BUL"]
[SourceTitle "CBM 144 Extra"]
[Source "ChessBase"]
[SourceDate "2011.10.28"]
[SourceVersion "1"]
[SourceVersionDate "2011.10.28"]
[SourceQuality "1"]

1. d4 d5 2. Nf3 Nf6 3. c4 c6 4. e3 e6 5. Bd3 Bd6 6. Nbd2 Nbd7 7. 0-0 0-0 8. e4 dxe4 9. Nxe4 Nxe4 10. Bxe4 Nf6 11. Bc2 b6 12. Bg5 Be7 13. Qd3 g6 14. Ne5 Bb7 15. Qf3 Rc8 16. Ba4 Ba8 17. Bxc6 Qxd4 18. Rfe1 Ng4 19. Qxg4 Qxg4 20. Nxg4 Bxg5 21. Bxa8 Rxa8 22. Rad1 Rfd8 23. Kf1 h5 24. Ne5 Bf6 25. Nd3 Rd4 26. b3 Rad8 27. Ke2 Bg5 28. f4 Bf6 29. g3 a5 30. Nf2 R4d7 31. Rxd7 Rxd7 32. Rd1 Rb7 33. Rd6 Kf8 34. Ne4 Be7 35. Rc6 f5 36. Nc3 Kf7 37. Nb5 Rb8 38. Nd4 Bc5 39. Rc7+ Kf6 40. Nc6 Rg8 41. Ne5 Rg7 42. Nd7+ Rxd7 43. Rxd7 g5 44. Rh7 gxf4 45. gxf4 Kg6 46. Rh8 Bd6 47. Kf3 e5 48. Rg8+ Kf7 49. fxe5 Kxg8 50. exd6 Kf7 51. Kf4 Ke6 52. d7 Kxd7 53. Kxf5 Kd6 54. Kg5 Kc5 55. Kxh5 Kb4 56. Kg5 Ka3 57. h4 Kxa2 58. h5 Kxb3 59. h6 Kxc4 60. h7 1-0

[Event "Baltija Cup op-A"]
[Site "Palanga"]
[Date "2011.06.19"]
[Round "1"]
[White "Petrovskis, Olegs"]
[Black "Krivonosov, Oleg"]
[Result "0-1"]
[WhiteElo "1862"]
[BlackElo "2440"]
[PlyCount "52"]
[EventDate "2011.06.19"]
[EventType "swiss"]
[EventRounds "8"]
[EventCountry "LTU"]
[SourceTitle "EXT 2012"]
[Source "ChessBase"]
[SourceDate "2011.11.24"]
[SourceVersion "1"]
[SourceVersionDate "2011.11.24"]
[SourceQuality "1"]

1. d4 d5 2. c4 e6 3. Nc3 Be7 4. Nf3 Nf6 5. Bg5 h6 6. Bh4 0-0 7. e3 Ne4 8. Bxe7 Qxe7 9. cxd5 Nxc3 10. bxc3 exd5 11. Be2 c5 12. 0-0 Nc6 13. Qc2 Be6 14. Rab1 Rac8 15. Qb2 Rc7 16. Rfe1 Bf5 17. Rbc1 Rd8 18. Bb5 Be4 19. Bxc6 Bxf3 20. Bb5 Be4 21. Bf1 Rdc8 22. Qd2 cxd4 23. exd4 Qg5 24. Qxg5 hxg5 25. f3 Bf5 26. Re3 g6 0-1